Decreto sobre las iglesias orientales
Saved in:
| 格式: | 圖書 |
|---|---|
| 語言: | 西班牙语 |
| 出版: |
Barcelona
Estela
1965
|
| 叢編: | Colección Documentos del Concilio Vaticano II
|
| 主題: | |
| 標簽: |
添加標簽
沒有標簽, 成為第一個標記此記錄!
|
MARC
| LEADER | 00000nam a2200000 a 4500 | ||
|---|---|---|---|
| 001 | UCL3746 | ||
| 003 | CL-VaPUC | ||
| 008 | 031212e19650000SP |||||||||||||||||spa|d | ||
| 082 | 0 | 4 | |a 262.91 |b DEC |2 21 |
| 245 | 1 | 0 | |a Decreto sobre las iglesias orientales |
| 300 | |a 41 p | ||
| 942 | |c BK | ||
| 945 | |d 20031212 00:00:00 |a vberengu | ||
| 260 | |a Barcelona |b Estela |c 1965 | ||
| 650 | 0 | |a Documentos pontificios |9 255642 | |
| 650 | 0 | |a Iglesias |9 352850 | |
| 583 | |a last modification |c 20031212 00:00:00 |k Rodrigo Vera | ||
| 490 | 0 | |a Colección Documentos del Concilio Vaticano II | |
| 999 | |c 306754 |d 306752 | ||
| 952 | |0 0 |1 0 |4 0 |6 262_910000000000000_DEC_1965 |7 0 |8 A |9 372019 |a BIBTEO |b BIBTEO |d 2019-11-21 |i 2096994 |o 262.91 DEC 1965 |p 2096994 |r 2025-01-17 |w 2019-11-21 |y BK |k ICR | ||